Statystyki dla Ikony FIFA 19

Kliknij tutaj aby rozwiązać quiz!

Ogólne statystyki

  • Ten quiz został rozwiązany 4 693 razy
  • Średni wynik to 36 z 75

Statystyki odpowiedzi

KrajIkona% Poprawnych
ArgentynaMaradona
94%
BrazyliaPele
92%
BrazyliaRonaldo
89%
BrazyliaRonaldinho
81%
WłochyMaldini
76%
WłochyMaldini
76%
HolandiaGullit
73%
Irlandia PółnocnaBest
71%
RosjaJaszyn
65%
BrazyliaCarlos
62%
PortugaliaEusebio
60%
PortugaliaFigo
60%
JaponiaNakata
60%
RumuniaHagi
58%
FrancjaHenry
57%
CzechyNedved
57%
NigeriaOkocha
56%
ArgentynaZanetti
56%
HiszpaniaPuyol
55%
DaniaSchmeichel
55%
HolandiaCruyff
54%
Holandiavan Basten
54%
Holandiavan der Sar
54%
WaliaGiggs
53%
MeksykHernandez
53%
WłochyDel Piero
52%
BrazyliaRivaldo
51%
AngliaFerdinand
50%
AngliaGerrard
50%
DaniaLaudrup
50%
NiemcyMatthaus
49%
PortugaliaDeco
48%
IrlandiaKeane
48%
UkrainaShevchenko
48%
SzwecjaLarsson
47%
BułgariaStoichkov
46%
WłochyCannavaro
45%
FinlandiaLitmanen
45%
AngliaMoore
45%
BrazyliaSocrates
45%
ArgentynaCrespo
44%
NiemcyKlose
44%
AngliaLampard
44%
FrancjaVieira
43%
FrancjaBlanc
42%
AngliaLineker
41%
AngliaOwen
41%
HiszpaniaHierro
39%
WłochyNesta
39%
AngliaShearer
39%
PortugaliaCosta
38%
WłochyInzaghi
38%
NiemcyLehmann
38%
WłochyBaresi
37%
WłochyBaggio
36%
NiemcyBallack
36%
AngliaCampbell
36%
FrancjaDesailly
36%
FrancjaPetit
36%
ArgentynaVeron
36%
HiszpaniaButragueno
35%
HiszpaniaRaul
34%
WłochyVieri
34%
FrancjaMakelele
32%
FrancjaTrezeguet
32%
WłochyGattuso
31%
HolandiaBergkamp
30%
AngliaScholes
29%
HolandiaSeedorf
29%
HolandiaOvermars
27%
FrancjaPires
26%
HolandiaRijkaard
26%
Holandiavan Nistelrooy
26%
WłochyZola
26%
HolandiaKluivert
25%

Rozkład punktacji

Percentyl według liczby udzielonych odpowiedzi

Procent ludzi z każdym wynikiem

Twoja historia wyników

Nie rozwiązałeś tego quizu